000
00265nam a2200097Ia 4500
008
230206s9999 xx 000 0 und d
041
_a
eng
100
_a
Murthy E N, Ed.
_9
119282
245
_a
The IUP Journal of Soft Skills
260
_c
2010
_b
IUP Publications
_a
Hyderabad
999
_c
97734
_d
97734